00827nam a22002297a 4500003000900000008004100009020002200050040007100072082001800143110003500161245003400196260004300230300005700273505013300330650002600463650001200489650001700501650001400518650001400532700002400546700002700570AR-CdUCM190308b ||||| |||| 00| 0 spa d a978-99954-2-372-8 aMUNICIPALIDAD PROVINCIAL DEL CUSCOcBIBLIOTECA MUNICIPAL DEL CUSCO a709.033 /bE6 aFundación Visión Cultural  aBarroco :bImagen del Poder / aLa Paz-Bolivia :bTecno Print ;c2012. a310 páginas ;bFotografías. ilustraciones c28cm aContenido: La imagen del poder en Los Andes -- Iconografía barroca del poder -- Monarquías retratadas -- Pinturas murales... aArte siglo XVII-XVIII aBarroco aMonarquía  aPinturas  aLos Andes aCampos Vera, Norma  aGutiérrez, Fátima